[Event "Pere Noel"]
[Site "Montreal CAN"]
[Date "2000.12.29"]
[Round "4"]
[White "Abreu Cordero, Jose"]
[Black "Pitre, Francois"]
[Result "0-1"]
[WhiteElo "2200"]
[BlackElo "2005"]
[PlyCount "54"]
[GameId "2160767911627421"]
[EventDate "2000.12.26"]
[EventType "swiss"]
[EventRounds "5"]
[EventCountry "CAN"]
[SourceTitle "EXT 2003"]
[Source "ChessBase"]
[SourceDate "2002.11.25"]
[SourceVersion "1"]
[SourceVersionDate "2002.11.25"]
[SourceQuality "1"]

1. c4 e5 2. Nc3 Nf6 3. g3 Nc6 4. Bg2 Bb4 5. e3 Bxc3 6. bxc3 d6 7. d4 O-O 8. Ne2 e4 9. Ba3 b6 10. Qa4 Bd7 11. Qc2 Na5 12. c5 Nc4 13. Bc1 d5 14. a4 Re8 15. O-O Rc8 16. Bb2 Bg4 17. Nc1 Qd7 18. Nb3 Bf3 19. Nd2 Nxd2 20. Qxd2 Qf5 21. a5 Re6 22. axb6 axb6 23. Ra7 Ng4 24. h3 Rh6 25. Bxf3 Nh2 26. Bg2 Nf3+ 27. Bxf3 Qxh3 0-1

[Event "Pere Noel"]
[Site "Montreal CAN"]
[Date "2000.12.29"]
[Round "4"]
[White "Gravel, Simon M"]
[Black "Bolduc, Steve"]
[Result "1-0"]
[WhiteElo "2266"]
[BlackElo "2207"]
[PlyCount "101"]
[GameId "2160767911627423"]
[EventDate "2000.12.26"]
[EventType "swiss"]
[EventRounds "5"]
[EventCountry "CAN"]
[SourceTitle "EXT 2003"]
[Source "ChessBase"]
[SourceDate "2002.11.25"]
[SourceVersion "1"]
[SourceVersionDate "2002.11.25"]
[SourceQuality "1"]

1. e4 c6 2. d4 d5 3. exd5 cxd5 4. Bd3 Nc6 5. c3 Nf6 6. Bf4 Bg4 7. Qb3 Qc8 8. Nd2 e6 9. Ngf3 Be7 10. O-O O-O 11. Rfe1 Re8 12. Rac1 Bh5 13. Ne5 Nxe5 14. Bxe5 a6 15. c4 Qd7 16. c5 Qc6 17. Qc2 Bg6 18. Bxg6 hxg6 19. a4 Nd7 20. Nf3 a5 21. Re3 Bf6 22. Rb3 Rec8 23. Rb5 b6 24. Bd6 bxc5 25. Bxc5 Rcb8 26. Rxb8+ Rxb8 27. Ba3 Qxc2 28. Rxc2 g5 29. h3 Nb6 30. b3 Rc8 31. Rxc8+ Nxc8 32. Kf1 Ne7 33. b4 Nc6 34. bxa5 Nxa5 35. Ke2 Bd8 36. Nd2 f6 37. Kd3 Kf7 38. Kc3 e5 39. Nb3 Nxb3 40. Kxb3 Ba5 41. Bb4 Bb6 42. dxe5 fxe5 43. f3 Ke6 44. a5 Ba7 45. Ka4 e4 46. fxe4 dxe4 47. Kb5 Kf5 48. a6 Kf4 49. Bd6+ Kf5 50. g4+ Ke6 51. Bc5 1-0

[Event "Pere Noel"]
[Site "Montreal CAN"]
[Date "2000.12.29"]
[Round "4"]
[White "Paz, Roman"]
[Black "Larochelle, Martial"]
[Result "0-1"]
[WhiteElo "1969"]
[BlackElo "2135"]
[PlyCount "74"]
[GameId "2160767911627425"]
[EventDate "2000.12.26"]
[EventType "swiss"]
[EventRounds "5"]
[EventCountry "CAN"]
[SourceTitle "EXT 2003"]
[Source "ChessBase"]
[SourceDate "2002.11.25"]
[SourceVersion "1"]
[SourceVersionDate "2002.11.25"]
[SourceQuality "1"]

1. Nf3 d6 2. d4 Bg4 3. h3 Bxf3 4. gxf3 g6 5. Bg2 Bg7 6. c3 Nd7 7. e4 c6 8. Na3 d5 9. Qb3 Nb6 10. Nc2 Nf6 11. Nb4 O-O 12. Nd3 Nfd7 13. e5 e6 14. Qc2 Qc7 15. b4 Nc4 16. a4 b6 17. Nb2 Nxb2 18. Qxb2 c5 19. Be3 f6 20. f4 c4 21. Qe2 Rae8 22. h4 Rf7 23. h5 g5 24. fxg5 fxe5 25. O-O-O exd4 26. Bxd4 Qf4+ 27. Be3 Qe5 28. Rd4 Qd6 29. g6 Rff8 30. Rg4 Bxc3 31. Bh6 Qxb4 32. gxh7+ Kh8 33. Bxf8 Rxf8 34. Qc2 Ne5 35. Rg8+ Rxg8 36. hxg8=Q+ Kxg8 37. Kd1 d4 0-1

[Event "Pere Noel"]
[Site "Montreal CAN"]
[Date "2000.12.29"]
[Round "4"]
[White "Pnevmonidis, Pantelis"]
[Black "Brassard, Sylvain"]
[Result "1-0"]
[WhiteElo "2158"]
[BlackElo "1762"]
[PlyCount "75"]
[GameId "2160767911627426"]
[EventDate "2000.12.26"]
[EventType "swiss"]
[EventRounds "5"]
[EventCountry "CAN"]
[SourceTitle "EXT 2003"]
[Source "ChessBase"]
[SourceDate "2002.11.25"]
[SourceVersion "1"]
[SourceVersionDate "2002.11.25"]
[SourceQuality "1"]

1. d4 d5 2. c4 Nc6 3. Nc3 Nf6 4. Nf3 dxc4 5. e4 e6 6. Bxc4 Bb4 7. e5 Nd5 8. Bd2 a6 9. Bd3 Be7 10. a3 O-O 11. Qe2 b5 12. Rc1 Nxc3 13. Rxc3 Nxd4 14. Qe4 Nxf3+ 15. gxf3 g6 16. Qxa8 b4 17. axb4 Bxb4 18. Qe4 Bxc3 19. Bxc3 Qg5 20. Kf1 Rd8 21. Rg1 Qe7 22. Kg2 c5 23. Qe2 Rxd3 24. Qxd3 Bb7 25. Rd1 Qg5+ 26. Kf1 Bd5 27. Qe3 Qh5 28. Rxd5 exd5 29. Qxc5 Qxf3 30. Qc8+ Kg7 31. e6+ Kh6 32. Qf8+ Kh5 33. Qxf7 Qd1+ 34. Be1 Qd3+ 35. Kg2 Kg4 36. f3+ Kg5 37. h4+ Kh6 38. Qf4+ 1-0

[Event "Pere Noel"]
[Site "Montreal CAN"]
[Date "2000.12.29"]
[Round "4"]
[White "Proulx, Denis"]
[Black "Lezaic, Jovan"]
[Result "0-1"]
[WhiteElo "1917"]
[BlackElo "1818"]
[PlyCount "96"]
[GameId "2160767911627427"]
[EventDate "2000.12.26"]
[EventType "swiss"]
[EventRounds "5"]
[EventCountry "CAN"]
[SourceTitle "EXT 2003"]
[Source "ChessBase"]
[SourceDate "2002.11.25"]
[SourceVersion "1"]
[SourceVersionDate "2002.11.25"]
[SourceQuality "1"]

1. e4 c6 2. d4 d5 3. exd5 Qxd5 4. c4 Qd6 5. b3 Nf6 6. Ba3 Qc7 7. Bd3 Bg4 8. Qc2 Nbd7 9. Bb2 e6 10. Bc3 Be7 11. Nd2 Rc8 12. Ngf3 Bxf3 13. Nxf3 c5 14. O-O O-O 15. Rad1 cxd4 16. Bxd4 b6 17. Rfe1 Bb4 18. Re2 h6 19. Qb2 Rfd8 20. a3 Bc5 21. Bc3 Bf8 22. Bb1 Be7 23. Nd4 Nf8 24. Rde1 Rd7 25. Nb5 Qd8 26. a4 Ne8 27. Qc2 a6 28. Nd4 Rxd4 29. Bxd4 Qxd4 30. Rd2 Qf6 31. Re3 g6 32. Rf3 Qg7 33. Qe4 Nd6 34. Qe2 a5 35. h4 h5 36. Rfd3 Ne8 37. Qe4 Rb8 38. Bc2 Qf6 39. g3 Bb4 40. Rd1 Bc5 41. Rf3 Qg7 42. Qf4 e5 43. Qe4 f5 44. Qd5+ Kh8 45. Rfd3 e4 46. R3d2 e3 47. Re2 exf2+ 48. Kf1 Nf6 0-1

[Event "Pere Noel"]
[Site "Montreal CAN"]
[Date "2000.12.29"]
[Round "4"]
[White "Strassmann, Swantje"]
[Black "Ouimet, Bernard"]
[Result "1-0"]
[WhiteElo "2007"]
[BlackElo "2054"]
[PlyCount "81"]
[GameId "2160767911627430"]
[EventDate "2000.12.26"]
[EventType "swiss"]
[EventRounds "5"]
[EventCountry "CAN"]
[SourceTitle "EXT 2003"]
[Source "ChessBase"]
[SourceDate "2002.11.25"]
[SourceVersion "1"]
[SourceVersionDate "2002.11.25"]
[SourceQuality "1"]

1. e4 e5 2. Bc4 Nf6 3. d3 Bc5 4. Nf3 d6 5. O-O O-O 6. c3 Bg4 7. Re1 Nc6 8. Nbd2 a6 9. Bb3 Qd7 10. Nf1 h6 11. Be3 Rfe8 12. h3 Be6 13. Bc2 Rad8 14. d4 exd4 15. cxd4 Bb4 16. Bd2 d5 17. e5 Nh7 18. a3 Bxd2 19. Qxd2 Nf8 20. Ng3 Ne7 21. Nh4 Nfg6 22. Nxg6 Nxg6 23. Qd3 Nf8 24. Nh5 Qe7 25. f4 Qh4 26. Qf3 Nh7 27. Rad1 f5 28. Kh2 g6 29. Ng3 Rf8 30. Nf1 Qe7 31. b4 Kh8 32. Ne3 c6 33. Rg1 Rg8 34. Qf2 Rdf8 35. g4 Qf7 36. Rdf1 Qe7 37. gxf5 Bxf5 38. Nxf5 gxf5 39. Rxg8+ Kxg8 40. Rg1+ Kh8 41. Rg6 1-0

[Event "Pere Noel"]
[Site "Montreal CAN"]
[Date "2000.12.30"]
[Round "5"]
[White "Gilman, Arkadiy"]
[Black "Sarwer, Jeff"]
[Result "0-1"]
[WhiteElo "2153"]
[BlackElo "2257"]
[PlyCount "97"]
[GameId "2160767911635624"]
[EventDate "2000.12.26"]
[EventType "swiss"]
[EventRounds "5"]
[EventCountry "CAN"]
[SourceTitle "EXT 2003"]
[Source "ChessBase"]
[SourceDate "2002.11.25"]
[SourceVersion "1"]
[SourceVersionDate "2002.11.25"]
[SourceQuality "1"]

1. d4 Nf6 2. c4 c5 3. d5 b5 4. cxb5 a6 5. bxa6 Bxa6 6. Nc3 d6 7. Nf3 g6 8. e4 Bxf1 9. Kxf1 Bg7 10. g3 O-O 11. Kg2 Nbd7 12. h3 Qb6 13. Re1 Rfb8 14. Re2 Rb7 15. Rb1 Ne8 16. Rc2 Qb4 17. Bd2 Nb6 18. Qe2 Nc4 19. Be1 Nb6 20. b3 Nd7 21. Nd1 Qb6 22. Ne3 Nc7 23. Nc4 Qb5 24. Rd1 Nb6 25. Bc3 Bxc3 26. Rxc3 Qb4 27. Nxb6 Rxb6 28. Rc2 Nb5 29. Qe3 Rba6 30. e5 Na3 31. Re2 Kg7 32. exd6 exd6 33. Ng5 Nb5 34. Nxf7 Kxf7 35. Qe6+ Kg7 36. Qe7+ Kg8 37. Qe6+ Kg7 38. Re4 Qc3 39. Qd7+ Kg8 40. Rde1 Rf8 41. Qxb5 Qf3+ 42. Kg1 Qxf2+ 43. Kh1 Rxa2 44. R4e2 Qxg3 45. Rxa2 Qxe1+ 46. Kg2 Qe4+ 47. Kh2 Qxd5 48. Re2 Qf7 49. Kg1 0-1

[Event "Pere Noel"]
[Site "Montreal CAN"]
[Date "2000.12.30"]
[Round "5"]
[White "Lezaic, Jovan"]
[Black "Strassmann, Swantje"]
[Result "1-0"]
[WhiteElo "1818"]
[BlackElo "2007"]
[PlyCount "224"]
[GameId "2160767911635626"]
[EventDate "2000.12.26"]
[EventType "swiss"]
[EventRounds "5"]
[EventCountry "CAN"]
[SourceTitle "EXT 2003"]
[Source "ChessBase"]
[SourceDate "2002.11.25"]
[SourceVersion "1"]
[SourceVersionDate "2002.11.25"]
[SourceQuality "1"]

1. e4 Nc6 2. d4 e5 3. d5 Nce7 4. Bg5 h6 5. Bh4 Nf6 6. f3 Ng6 7. Bf2 Bb4+ 8. c3 Be7 9. Bc4 a6 10. a4 d6 11. Ne2 O-O 12. Nd2 Bd7 13. a5 Nh7 14. g4 Bh4 15. Ng3 Nf4 16. h3 Ng2+ 17. Kf1 Nf4 18. Kg1 Ng5 19. Bf1 g6 20. Rh2 h5 21. Nh1 Nh7 22. Bxh4 Qxh4 23. Qe1 Qxe1 24. Rxe1 f5 25. Nf2 fxg4 26. hxg4 hxg4 27. fxg4 Ng5 28. Re3 Kg7 29. Nf3 Nxf3+ 30. Rxf3 g5 31. Rg3 Rh8 32. Rxh8 Rxh8 33. Nd1 c6 34. c4 cxd5 35. exd5 Rh4 36. Nf2 Kf7 37. Rb3 Bc8 38. Rb6 Ke7 39. Bg2 Kd7 40. Kf1 Kc7 41. Bf3 Bd7 42. b4 Nh3 43. Nxh3 Rxh3 44. Kg2 Rh6 45. c5 Bc8 46. Kg3 Rf6 47. Be4 Bd7 48. Bf3 Bc8 49. Bd1 Bd7 50. Be2 Bc8 51. Bd1 e4 52. Be2 e3 53. Bf3 Bd7 54. Kg2 Bb5 55. c6 bxc6 56. dxc6 e2 57. Rb7+ Kd8 58. Rb8+ Kc7 59. Rb7+ Kd8 60. Rb8+ Kc7 61. Rb7+ Kc8 62. Re7 Rf7 63. Re3 Kc7 64. Bxe2 Bxe2 65. Rxe2 Kxc6 66. Rc2+ Kb5 67. Rd2 Kc6 68. Rd4 d5 69. Kg3 Rf1 70. Rd3 Rf4 71. Rc3+ Rc4 72. Rf3 Rxb4 73. Rf5 Rb5 74. Rf6+ Kb7 75. Rf7+ Kc8 76. Rg7 d4 77. Kf3 Rxa5 78. Ke4 Rb5 79. Ra7 a5 80. Kxd4 Kb8 81. Rg7 a4 82. Rg8+ Kc7 83. Kc3 Kd6 84. Rg6+ Ke7 85. Ra6 Rb3+ 86. Kd4 Rb4+ 87. Ke5 Rb5+ 88. Ke4 Rb4+ 89. Kf5 Rb5+ 90. Kg6 Rb4 91. Kxg5 Kd7 92. Kf5 Kc7 93. g5 Kb7 94. Ra5 Kb6 95. Ra8 Kb7 96. Re8 a3 97. Re7+ Kb6 98. Re6+ Kb7 99. Re1 a2 100. Ra1 Rb2 101. g6 Rg2 102. Kf6 Kc7 103. g7 Rf2+ 104. Ke6 Re2+ 105. Kf7 Rf2+ 106. Kg8 Kd6 107. Rh1 Rb2 108. Rh6+ Ke7 109. Ra6 Rg2 110. Ra7+ Kf6 111. Kf8 Rxg7 112. Ra6+ Ke5 1-0

[Event "Pere Noel"]
[Site "Montreal CAN"]
[Date "2000.12.30"]
[Round "5"]
[White "Malveau, Cedric"]
[Black "Proulx, Denis"]
[Result "1-0"]
[WhiteElo "2093"]
[BlackElo "1917"]
[PlyCount "95"]
[GameId "2160767911635627"]
[EventDate "2000.12.26"]
[EventType "swiss"]
[EventRounds "5"]
[EventCountry "CAN"]
[SourceTitle "EXT 2003"]
[Source "ChessBase"]
[SourceDate "2002.11.25"]
[SourceVersion "1"]
[SourceVersionDate "2002.11.25"]
[SourceQuality "1"]

1. e4 c5 2. Nc3 Nc6 3. g3 e6 4. Bg2 g6 5. d3 Bg7 6. Be3 Qa5 7. Qd2 b5 8. f4 Nge7 9. Nf3 d5 10. exd5 exd5 11. Nd1 Qb6 12. O-O O-O 13. c3 a5 14. Kh1 Nf5 15. Bg1 h5 16. Ne3 Be6 17. Nxf5 Bxf5 18. Nh4 Ne7 19. Nxf5 gxf5 20. Rae1 Rfe8 21. Qd1 a4 22. d4 c4 23. a3 Qg6 24. Re3 Bf6 25. Rfe1 Rad8 26. Bf2 Qh6 27. Qf3 Kf8 28. Bh3 h4 29. gxh4 Bxh4 30. Bxh4 Qxh4 31. Qg3 Ng6 32. Rxe8+ Rxe8 33. Rxe8+ Kxe8 34. Bxf5 Qxf4 35. Qxf4 Nxf4 36. Kg1 Ke7 37. Kf2 Kf6 38. Bd7 Nd3+ 39. Ke3 Kg5 40. Bxb5 f5 41. Bxa4 Nxb2 42. Bc6 f4+ 43. Kf3 Nd1 44. Bxd5 Nxc3 45. Bxc4 Nb1 46. h4+ Kxh4 47. Kxf4 Nxa3 48. Bd3 1-0

[Event "Pere Noel"]
[Site "Montreal CAN"]
[Date "2000.12.30"]
[Round "5"]
[White "Nunez, Omar"]
[Black "Pnevmonidis, Pantelis"]
[Result "1/2-1/2"]
[WhiteElo "2003"]
[BlackElo "2158"]
[PlyCount "105"]
[GameId "2160767911635629"]
[EventDate "2000.12.26"]
[EventType "swiss"]
[EventRounds "5"]
[EventCountry "CAN"]
[SourceTitle "EXT 2003"]
[Source "ChessBase"]
[SourceDate "2002.11.25"]
[SourceVersion "1"]
[SourceVersionDate "2002.11.25"]
[SourceQuality "1"]

1. d4 d5 2. Nf3 c6 3. c3 Nf6 4. Bf4 Bf5 5. e3 e6 6. Bd3 Bg6 7. Ne5 Bd6 8. Nxg6 hxg6 9. Bxd6 Qxd6 10. h3 c5 11. Nd2 Nc6 12. Qe2 O-O 13. O-O Rac8 14. Rad1 a6 15. Bb1 b5 16. Rfe1 cxd4 17. exd4 Nd7 18. Nf3 Na5 19. h4 Qf4 20. g3 Qg4 21. Ng5 Qxe2 22. Rxe2 Rc6 23. Rde1 Nc4 24. Kg2 Re8 25. Nh3 Rb6 26. Nf4 Rc8 27. Nd3 a5 28. a3 Nd6 29. g4 Nb8 30. f3 Nc6 31. Nf4 b4 32. axb4 axb4 33. h5 gxh5 34. g5 g6 35. Nxg6 fxg6 36. Rxe6 Nf5 37. Rxg6+ Ng7 38. Bf5 Rc7 39. Be6+ Kf8 40. Rf6+ Ke8 41. Bxd5+ Kd7 42. c4 Rb8 43. Bxc6+ Rxc6 44. Rf7+ Kd6 45. c5+ Kd5 46. Rxg7 Kxd4 47. Rh7 Rxc5 48. Rd7+ Kc4 49. Rc1+ Kb5 50. Rxc5+ Kxc5 51. Kg3 Rf8 52. f4 h4+ 53. Kxh4 1/2-1/2

[Event "Pere Noel"]
[Site "Montreal CAN"]
[Date "2000.12.30"]
[Round "5"]
[White "Pilotte, Benoit"]
[Black "Nadeau, Michel"]
[Result "1-0"]
[WhiteElo "1357"]
[BlackElo "1397"]
[PlyCount "85"]
[GameId "2160767911635630"]
[EventDate "2000.12.26"]
[EventType "swiss"]
[EventRounds "5"]
[EventCountry "CAN"]
[SourceTitle "EXT 2003"]
[Source "ChessBase"]
[SourceDate "2002.11.25"]
[SourceVersion "1"]
[SourceVersionDate "2002.11.25"]
[SourceQuality "1"]

1. e4 c5 2. Nf3 d6 3. Nc3 a6 4. Bc4 e6 5. a4 Nc6 6. d4 cxd4 7. Nxd4 Nf6 8. Nxc6 bxc6 9. Qf3 Qa5 10. O-O d5 11. exd5 exd5 12. Bg5 Be7 13. Rfe1 Be6 14. Bxf6 Bxf6 15. Nxd5 Bxb2 16. Rab1 O-O 17. Ne7+ Kh8 18. Qxc6 Bxc4 19. Qxc4 Rab8 20. Qe4 Rb4 21. Qe2 Qxa4 22. Nd5 Rb5 23. Qe8 Ba3 24. Nc3 Qa5 25. Nxb5 axb5 26. Ra1 Kg8 27. Qe3 b4 28. h3 Qc7 29. Qb3 Qc5 30. Re3 h6 31. c3 Rb8 32. Rxa3 bxa3 33. Qxb8+ Kh7 34. Qb1+ f5 35. Qa1 f4 36. Re2 Qb5 37. Ra2 Qg5 38. Rxa3 f3 39. Qb1+ Kg8 40. Ra8+ Kf7 41. Qb7+ Kg6 42. Ra6+ Kh7 43. Qe4+ 1-0

[Event "Pere Noel"]
[Site "Montreal CAN"]
[Date "2000.12.30"]
[Round "5"]
[White "Pitre, Francois"]
[Black "Gravel, Simon M"]
[Result "1/2-1/2"]
[WhiteElo "2005"]
[BlackElo "2266"]
[PlyCount "52"]
[GameId "2160767911635631"]
[EventDate "2000.12.26"]
[EventType "swiss"]
[EventRounds "5"]
[EventCountry "CAN"]
[SourceTitle "EXT 2003"]
[Source "ChessBase"]
[SourceDate "2002.11.25"]
[SourceVersion "1"]
[SourceVersionDate "2002.11.25"]
[SourceQuality "1"]

1. Nf3 Nf6 2. c4 e6 3. Nc3 d5 4. d4 c6 5. g3 dxc4 6. Ne5 b5 7. Bg2 Nd5 8. O-O Bb7 9. e4 Nxc3 10. bxc3 Be7 11. Qg4 O-O 12. Bh6 Bf6 13. Nxc4 Kh8 14. e5 gxh6 15. Nd6 Be7 16. Nxb7 Qc7 17. Nd6 Bxd6 18. exd6 Qxd6 19. Qh5 Nd7 20. Qxh6 Rac8 21. Rfe1 Qe7 22. a4 Qf6 23. Qxf6+ Nxf6 24. axb5 cxb5 25. Reb1 Rxc3 26. Rxb5 Rc4 1/2-1/2

[Event "Pere Noel"]
[Site "Montreal CAN"]
[Date "2000.12.30"]
[Round "5"]
[White "Plante, Michel"]
[Black "Paz, Roman"]
[Result "0-1"]
[WhiteElo "1968"]
[BlackElo "1969"]
[PlyCount "84"]
[GameId "2160767911635632"]
[EventDate "2000.12.26"]
[EventType "swiss"]
[EventRounds "5"]
[EventCountry "CAN"]
[SourceTitle "EXT 2003"]
[Source "ChessBase"]
[SourceDate "2002.11.25"]
[SourceVersion "1"]
[SourceVersionDate "2002.11.25"]
[SourceQuality "1"]

1. d4 e6 2. e3 b6 3. Nf3 Bb7 4. Bd3 f5 5. Nbd2 Nf6 6. O-O Nc6 7. c3 d5 8. Qc2 Bd6 9. Re1 Ne4 10. Nf1 g5 11. N3d2 g4 12. Nxe4 fxe4 13. Bb5 a6 14. Be2 Qh4 15. a3 Rf8 16. g3 Qg5 17. c4 Qf5 18. Bd1 a5 19. Re2 Ba6 20. b3 a4 21. Qc3 Na5 22. Nd2 h5 23. b4 Nxc4 24. Bxa4+ b5 25. Bd1 h4 26. Nxc4 dxc4 27. Qe1 Ke7 28. Bb2 Bb7 29. Bc3 Bd5 30. Rea2 Rh8 31. Rc1 Raf8 32. Rcc2 Rf7 33. Be2 Rhf8 34. Rd2 Qh5 35. Bd1 Rf6 36. Rab2 Qf7 37. Qe2 Rf3 38. Kg2 hxg3 39. fxg3 Qh5 40. Kg1 Qh3 41. Qxf3 gxf3 42. Rf2 Rh8 0-1

[Event "Pere Noel"]
[Site "Montreal CAN"]
[Date "2000.12.30"]
[Round "5"]
[White "Trinh, Tri Bao"]
[Black "Masse, Hugues"]
[Result "1-0"]
[WhiteElo "1922"]
[BlackElo "2064"]
[PlyCount "129"]
[GameId "2160767911635634"]
[EventDate "2000.12.26"]
[EventType "swiss"]
[EventRounds "5"]
[EventCountry "CAN"]
[SourceTitle "EXT 2003"]
[Source "ChessBase"]
[SourceDate "2002.11.25"]
[SourceVersion "1"]
[SourceVersionDate "2002.11.25"]
[SourceQuality "1"]

1. e4 c5 2. c3 Nf6 3. e5 Nd5 4. d4 cxd4 5. Nf3 Nc6 6. cxd4 d6 7. Bc4 Nb6 8. Bb5 dxe5 9. Nxe5 Bd7 10. Bxc6 Bxc6 11. Nxc6 bxc6 12. O-O g6 13. Bf4 Bg7 14. Be5 Bxe5 15. dxe5 Qxd1 16. Rxd1 Nc4 17. f4 Nxb2 18. Rd2 Na4 19. Na3 Nb6 20. Rc1 Rc8 21. Nc4 Nd5 22. g3 Kd7 23. Na5 e6 24. Rdc2 Ne7 25. Nb7 Rc7 26. Nc5+ Kc8 27. Rb1 Nd5 28. Na6 Kd7 29. Nxc7 Kxc7 30. Rcb2 Nb6 31. a4 Rb8 32. a5 Nd7 33. Rxb8 Nxb8 34. Kf2 Nd7 35. Ke3 Nc5 36. Kd4 Na6 37. h4 h5 38. g4 hxg4 39. Rg1 c5+ 40. Kc4 Kc6 41. Rxg4 Nb4 42. h5 gxh5 43. Rg7 Nd5 44. Rxf7 a6 45. Rh7 Ne3+ 46. Kd3 Nd5 47. Ke4 Nc3+ 48. Kf3 Nb5 49. Rxh5 c4 50. Rh8 Nc7 51. Rc8 Kb7 52. Rd8 Kc6 53. Ke4 Nb5 54. Rc8+ Nc7 55. Kd4 Kd7 56. Rf8 Ke7 57. Rh8 c3 58. Rh7+ Kd8 59. Kxc3 Nd5+ 60. Kd4 Nxf4 61. Kc5 Kc8 62. Kd6 Nd3 63. Kxe6 Nc5+ 64. Kd6 Nb7+ 65. Rxb7 1-0

[Event "Pere Noel Echiquier Royal"]
[Site "Hull CAN"]
[Date "2000.11.08"]
[Round "1"]
[White "Gagnon, Fabien"]
[Black "Pilon, Robert"]
[Result "1-0"]
[WhiteElo "2090"]
[BlackElo "1586"]
[PlyCount "63"]
[GameId "2160767911635735"]
[EventDate "2000.11.08"]
[EventType "swiss"]
[EventRounds "5"]
[EventCountry "CAN"]

1. d4 Nf6 2. Nf3 g6 3. g3 Bg7 4. Bg2 c6 5. c4 O-O 6. O-O d6 7. Nc3 Bg4 8. e4 Na6 9. Bg5 Re8 10. h3 Bxf3 11. Bxf3 e5 12. d5 h6 13. Be3 c5 14. Bg2 Nc7 15. Qd2 Kh7 16. f4 exf4 17. gxf4 Rf8 18. Rae1 Nd7 19. Bf2 b6 20. Bg3 f6 21. h4 Qe7 22. Qd3 Kh8 23. Bh2 Rae8 24. Qg3 Kh7 25. Bh3 Bh8 26. h5 g5 27. Bf5+ Kg8 28. fxg5 fxg5 29. Qxd6 Be5 30. Qxe7 Bxh2+ 31. Kxh2 Rxe7 32. d6 1-0

[Event "Pere Noel Echiquier Royal"]
[Site "Hull CAN"]
[Date "2000.11.17"]
[Round "2"]
[White "Gagnon, Fabien"]
[Black "Danis, Jacques"]
[Result "1-0"]
[WhiteElo "2090"]
[BlackElo "1769"]
[PlyCount "103"]
[GameId "2160767911635736"]
[EventDate "2000.11.08"]
[EventType "swiss"]
[EventRounds "5"]
[EventCountry "CAN"]

1. d4 Nf6 2. Nf3 g6 3. c4 c5 4. d5 d6 5. Nc3 Bg7 6. e4 O-O 7. h3 Na6 8. Bf4 Nd7 9. Qd2 Re8 10. Be2 Nc7 11. O-O a6 12. a4 a5 13. Bh6 f6 14. Bxg7 Kxg7 15. Nh2 Ne5 16. f4 Nf7 17. Bd3 Rg8 18. Nf3 Bd7 19. Rae1 Kh8 20. e5 dxe5 21. fxe5 fxe5 22. Nxe5 Nxe5 23. Rxe5 e6 24. d6 Ne8 25. Rf7 Nxd6 26. Rf4 Qe7 27. Nd5 Qg7 28. Nf6 Rgf8 29. Nxd7 Qxd7 30. Rxf8+ Rxf8 31. Qh6 Qf7 32. Rxe6 Nf5 33. Bxf5 Qxf5 34. Re7 Qf2+ 35. Kh1 Qf1+ 36. Kh2 Qf4+ 37. Qxf4 Rxf4 38. b3 Rd4 39. Rxb7 Rd3 40. Kg1 Kg8 41. Kf2 g5 42. Rb5 Kf7 43. Rxc5 Rxb3 44. Rxa5 Rb4 45. c5 Rc4 46. Ra7+ Kf6 47. Ra6+ Kf5 48. c6 h5 49. Ke3 Ke5 50. Kd3 Rc5 51. Rb6 Kf4 52. Rb4+ 1-0

[Event "Pere Noel Echiquier Royal"]
[Site "Hull CAN"]
[Date "2000.11.24"]
[Round "3"]
[White "Cote, Jacques"]
[Black "Gagnon, Fabien"]
[Result "1-0"]
[WhiteElo "2084"]
[BlackElo "2090"]
[PlyCount "98"]
[GameId "2160767911635737"]
[EventDate "2000.11.08"]
[EventType "swiss"]
[EventRounds "5"]
[EventCountry "CAN"]

1. e4 e6 2. d4 d5 3. Nc3 Bb4 4. Nge2 dxe4 5. a3 Be7 6. Nxe4 Nf6 7. Qd3 Nxe4 8. Qxe4 Nd7 9. c4 Nf6 10. Qf3 c5 11. dxc5 Bxc5 12. b4 Bd4 13. Nxd4 Qxd4 14. Ra2 Qe4+ 15. Qxe4 Nxe4 16. Bd3 Nf6 17. Bb2 O-O 18. O-O b6 19. f3 Rd8 20. Rd1 Ba6 21. b5 Bb7 22. Be5 Kf8 23. Rad2 h6 24. a4 Ke8 25. a5 Rac8 26. a6 Ba8 27. Be2 Rxd2 28. Rxd2 Rd8 29. Rxd8+ Kxd8 30. Bb8 Nd7 31. Bxa7 Kc7 32. Kf2 e5 33. Ke3 f5 34. g3 Nc5 35. h4 g6 36. f4 exf4+ 37. Kxf4 Be4 38. Ke3 Ne6 39. h5 gxh5 40. Bxh5 Bg2 41. Bf7 Nc5 42. Kf4 Be4 43. Ke5 Nb3 44. g4 Bd3 45. gxf5 Be2 46. f6 Nc5 47. Bd5 h5 48. Kf5 Nd7 49. Ke6 h4 1-0

[Event "Pere Noel Echiquier Royal"]
[Site "Hull CAN"]
[Date "2000.12.01"]
[Round "4"]
[White "Gagnon, Fabien"]
[Black "Marghetis, Aris"]
[Result "1-0"]
[WhiteElo "2090"]
[BlackElo "1761"]
[PlyCount "55"]
[GameId "2160767911635738"]
[EventDate "2000.11.08"]
[EventType "swiss"]
[EventRounds "5"]
[EventCountry "CAN"]

1. d4 Nf6 2. Nf3 g6 3. g3 Bg7 4. Bg2 d6 5. O-O O-O 6. c4 Re8 7. Nc3 Nbd7 8. e4 e5 9. d5 Nc5 10. Ne1 a5 11. h3 Bd7 12. Be3 b6 13. b3 Qc8 14. Kh2 Nh5 15. a3 f5 16. exf5 e4 17. Rc1 Bxf5 18. g4 Be5+ 19. Kg1 Bd7 20. gxh5 Bxh3 21. Ne2 Nd3 22. Nxd3 exd3 23. Nf4 Bxg2 24. Kxg2 Qf5 25. Ne6 Rxe6 26. dxe6 Re8 27. Qf3 Qxe6 28. Qd5 1-0

[Event "Prince Edward Island ch"]
[Site "Charlottetown PEI"]
[Date "2000.03.03"]
[Round "1"]
[White "Howarth, Anthony"]
[Black "Gulati, Justin"]
[Result "1-0"]
[WhiteElo "2299"]
[BlackElo "2210"]
[PlyCount "65"]
[GameId "2160767911732978"]
[EventDate "2000.03.03"]
[EventType "tourn"]
[EventRounds "5"]
[EventCountry "CAN"]
[SourceTitle "CFC 2000.06"]
[Source "CFC"]
[SourceDate "2000.06.??"]
[SourceVersionDate "2000.06.??"]
[SourceQuality "1"]

1. Nf3 b6 2. g3 Bb7 3. Bg2 Nf6 4. O-O g6 5. b3 Bg7 6. Bb2 O-O 7. c4 c5 8. d4 cxd4 9. Qxd4 Nh5 10. Qd2 Bxb2 11. Qxb2 Nf6 12. Rd1 d6 13. Nc3 Nbd7 14. Rd4 Nc5 15. Rad1 a6 16. Ng5 Bxg2 17. Kxg2 Ne6 18. Nxe6 fxe6 19. Ne4 Nxe4 20. Rxe4 Rf6 21. Qd4 Rc8 22. h4 Rc5 23. b4 Rcf5 24. f3 h5 25. g4 hxg4 26. Rxg4 e5 27. Qd5+ Kh7 28. Qb7 Rf4 29. Rxf4 Rxf4 30. c5 bxc5 31. bxc5 Rd4 32. Rxd4 exd4 33. c6 1-0

[Event "Quebec op"]
[Site "Montreal CAN"]
[Date "2000.07.22"]
[Round "1"]
[White "Archangelsky, Mikhail"]
[Black "Tyomkin, Dimitri"]
[Result "0-1"]
[WhiteElo "2384"]
[BlackElo "2522"]
[PlyCount "51"]
[GameId "2160767911653016"]
[EventDate "2000.07.22"]
[EventType "swiss"]
[EventRounds "9"]
[EventCountry "CAN"]
[SourceTitle "CBM 078"]
[Source "ChessBase"]
[SourceDate "2000.10.18"]
[SourceVersion "1"]
[SourceVersionDate "2000.10.18"]
[SourceQuality "1"]

1. e4 c5 2. Nc3 a6 3. f4 b5 4. Nf3 Bb7 5. d3 e6 6. Qe2 Nc6 7. g3 Nd4 8. Qf2 Nxf3+ 9. Qxf3 f5 10. Bg2 Nf6 11. Qe2 b4 12. Nd1 fxe4 13. dxe4 c4 14. e5 Bxg2 15. Qxg2 Nd5 16. Ne3 Nb6 17. Qe4 Qc7 18. Kf1 Bc5 19. Nxc4 Rc8 20. Nxb6 Bxb6 21. Ke2 Qc5 22. Be3 Qb5+ 23. Kf3 Rc4 24. Qa8+ Bd8 25. Rhc1 O-O 26. Ke2 0-1